00936cam a2200229 a 450000100100000000500170001000800410002704000300006808200200009810000350011824500600015326000720021330000210028549000210030665000240032765000280035183000270037991000340040695201230044095201280056399900150069100000791820200929154341.0810415s1991 cu 000 f spa  aDO-SdBNPbspadDLCdBNPHU aCu863.44bV666a1 aVieta, Ezequiel,d1922-92170210aAquelarre /cEzequiel Vieta; Edición Pedro De Oraá. aLa Habana, Cuba :bUnión de Escritores y Artistas de Cuba,c1991. a131 p. ;c19 cm.1 aContemporáneos 4aNovela cubana92316 4aLiteratura cubana91483 0aContemporáneos96941 aCatalogación original noche 001052708MOaGRbGRcCTd2009-09-11iLF1l0oCu863.44 V666ap7918-10r2020-06-25w2020-06-25y2ZPréstamo interno 001053728MOaGRbGRcCTd2009-09-11iLF1l0oCu863.44 V666ap7918-20r2020-06-25te.2w2020-06-25y2ZPréstamo interno c7696d7696